|
|
|
|
| LEADER |
01629cas a2200241 a 4500 |
| 001 |
AALejournalIMF010519 |
| 008 |
230101c9999 xx r poo 0 0eng d |
| 020 |
|
|
|c 15.00 USD
|
| 020 |
|
|
|z 9781451956948
|
| 022 |
|
|
|a 1020-7635
|
| 040 |
|
|
|a BD-DhAAL
|c BD-DhAAL
|
| 110 |
2 |
|
|a International Monetary Fund.
|b Research Dept.
|
| 245 |
1 |
0 |
|a IMF Staff papers, Volume 39 No. 1.
|
| 264 |
|
1 |
|a Washington, D.C. :
|b International Monetary Fund,
|c 1992.
|
| 300 |
|
|
|a 1 online resource (220 pages)
|
| 490 |
1 |
|
|a IMF Staff Papers
|
| 500 |
|
|
|a <strong>Off-Campus Access:</strong> No User ID or Password Required
|
| 500 |
|
|
|a <strong>On-Campus Access:</strong> No User ID or Password Required
|
| 506 |
|
|
|a Electronic access restricted to authorized BRAC University faculty, staff and students
|
| 520 |
3 |
|
|a This paper focuses on exchange rate economics. Two main views of exchange rate determination have evolved since the early 1970s: the monetary approach to the exchange rate (in flexible-price, sticky-price, and real interest differential formulations); and the portfolio balance approach. In this paper, the literature on these views is surveyed, followed by a discussion of the empirical evidence and likely future developments in the area of exchange rate determination. The literature on foreign exchange market efficiency, exchange rates and 'news,' and international parity conditions is also reviewed.
|
| 538 |
|
|
|a Mode of access: Internet
|
| 830 |
|
0 |
|a IMF Staff Papers; IMF Staff Papers ;
|v No. 1992/001
|
| 856 |
4 |
0 |
|z Full text available on IMF
|u http://elibrary.imf.org/view/journals/024/1992/001/024.1992.issue-001-en.xml
|z IMF e-Library
|